Clubs les plus titrés de la LDC - Statistiques

Statistiques générales
  • Ce quiz a été pris 455 fois
  • Le résultat moyen est 11 sur 13
Statistiques - réponses
Hint Réponse % Correct
5 FC Barcelone
100%
14 Real Madrid
100%
7 Milan AC
97%
6 Bayern Munich
95%
6 Liverpool
95%
3 Inter Milan
91%
3 Manchester United
89%
2 Chelsea
80%
4 Ajax Amsterdam
79%
2 Juventus Turin
79%
2 FC Porto
70%
2 Benfica Lisbonne
67%
2 Nottingham Forest
55%
Aucun quiz correspondant
Distribution des résultats
% des personnes avec chaque résultat
Percentile par nombre de réponses
Votre historique - résultats
Vous n’avez pas pris ce quiz